<?xml version="1.0" encoding="UTF-8"?>
<record
    xmlns:xsi="http://www.w3.org/2001/XMLSchema-instance"
    xsi:schemaLocation="http://www.loc.gov/MARC21/slim http://www.loc.gov/standards/marcxml/schema/MARC21slim.xsd"
    xmlns="http://www.loc.gov/MARC21/slim">

  <leader>00411nam a2200157Ia 4500</leader>
  <controlfield tag="008">230314s9999    xx            000 0 und d</controlfield>
  <datafield tag="020" ind1=" " ind2=" ">
    <subfield code="a">81-7381-142-3</subfield>
  </datafield>
  <datafield tag="041" ind1=" " ind2=" ">
    <subfield code="a">eng</subfield>
  </datafield>
  <datafield tag="082" ind1=" " ind2=" ">
    <subfield code="a">OG/618.2/DUT/B00712</subfield>
  </datafield>
  <datafield tag="100" ind1=" " ind2=" ">
    <subfield code="a">Dutta D C</subfield>
    <subfield code="9">176719</subfield>
  </datafield>
  <datafield tag="245" ind1=" " ind2=" ">
    <subfield code="a">D C Duttas Textbook of Obstetrics</subfield>
  </datafield>
  <datafield tag="260" ind1=" " ind2=" ">
    <subfield code="b">New Central Book Agency</subfield>
    <subfield code="a">New Delhi</subfield>
    <subfield code="c">2011</subfield>
  </datafield>
  <datafield tag="300" ind1=" " ind2=" ">
    <subfield code="a">688p</subfield>
  </datafield>
  <datafield tag="906" ind1=" " ind2=" ">
    <subfield code="b">GNM</subfield>
  </datafield>
  <datafield tag="999" ind1=" " ind2=" ">
    <subfield code="c">135977</subfield>
    <subfield code="d">135977</subfield>
  </datafield>
  <datafield tag="952" ind1=" " ind2=" ">
    <subfield code="0">0</subfield>
    <subfield code="1">0</subfield>
    <subfield code="4">0</subfield>
    <subfield code="7">0</subfield>
    <subfield code="8">OG</subfield>
    <subfield code="a">BTIN</subfield>
    <subfield code="b">BTIN</subfield>
    <subfield code="d">2003-11-21</subfield>
    <subfield code="e">B.J.Medical Co-oprative College Stores</subfield>
    <subfield code="g">525.00</subfield>
    <subfield code="i">2892</subfield>
    <subfield code="l">19</subfield>
    <subfield code="m">15</subfield>
    <subfield code="o">OG 618.2 DUT B01651</subfield>
    <subfield code="p">BTIN-BK-1651</subfield>
    <subfield code="r">2025-12-05 09:12:46</subfield>
    <subfield code="s">2025-12-01</subfield>
    <subfield code="v">367.00</subfield>
    <subfield code="w">2010-12-21</subfield>
    <subfield code="y">BK</subfield>
    <subfield code="z">B01651</subfield>
  </datafield>
  <datafield tag="952" ind1=" " ind2=" ">
    <subfield code="0">0</subfield>
    <subfield code="1">0</subfield>
    <subfield code="4">0</subfield>
    <subfield code="7">0</subfield>
    <subfield code="8">OG</subfield>
    <subfield code="a">BTIN</subfield>
    <subfield code="b">BTIN</subfield>
    <subfield code="d">2007-09-05</subfield>
    <subfield code="e">B.J.Medical Co-oprative College Stores</subfield>
    <subfield code="g">640.00</subfield>
    <subfield code="i">2892</subfield>
    <subfield code="l">4</subfield>
    <subfield code="m">1</subfield>
    <subfield code="o">OG 618.2 DUT B04159</subfield>
    <subfield code="p">BTIN-BK-4159</subfield>
    <subfield code="r">2025-12-15 14:12:10</subfield>
    <subfield code="s">2025-12-08</subfield>
    <subfield code="v">442.00</subfield>
    <subfield code="w">2010-12-21</subfield>
    <subfield code="y">BK</subfield>
    <subfield code="z">B04159</subfield>
  </datafield>
  <datafield tag="952" ind1=" " ind2=" ">
    <subfield code="0">0</subfield>
    <subfield code="1">0</subfield>
    <subfield code="4">0</subfield>
    <subfield code="7">0</subfield>
    <subfield code="8">OG</subfield>
    <subfield code="a">BTIN</subfield>
    <subfield code="b">BTIN</subfield>
    <subfield code="d">2009-04-09</subfield>
    <subfield code="e">B.J.Medical Co-oprative College Stores</subfield>
    <subfield code="g">640.00</subfield>
    <subfield code="i">2892</subfield>
    <subfield code="l">22</subfield>
    <subfield code="m">20</subfield>
    <subfield code="o">OG 618.2 DUT B05698</subfield>
    <subfield code="p">BTIN-BK-5698</subfield>
    <subfield code="q">2026-04-09</subfield>
    <subfield code="r">2026-02-27 16:03:59</subfield>
    <subfield code="s">2026-02-27</subfield>
    <subfield code="v">448.00</subfield>
    <subfield code="w">2010-12-21</subfield>
    <subfield code="y">BK</subfield>
    <subfield code="z">B05698</subfield>
  </datafield>
</record>
